BSOP header

I, he, we and they : (Record no. 17115)

MARC details
000 -LEADER
fixed length control field 00667nam a2200181 4500
008 - FIXED-LENGTH DATA ELEMENTS--GENERAL INFORMATION
fixed length control field 030312s1983 enk 0 eng
020 ## - INTERNATIONAL STANDARD BOOK NUMBER
International Standard Book Number 0905774000
090 ## - LOCALLY ASSIGNED LC-TYPE CALL NUMBER (OCLC); LOCAL CALL NUMBER (OCLC)
Classification number (OCLC) (R) ; Classification number, CALL (RLIN) (NR) BS1515.2
Local cutter number (OCLC) ; Book number/undivided call number, CALL (RLIN) C61i
100 1# - MAIN ENTRY--PERSONAL NAME
Personal name Clines, David J. A.
245 10 - TITLE STATEMENT
Title I, he, we and they :
Remainder of title a literary approach to Isaiah 53 /
Statement of responsibility, etc David J. A. Clines.
260 ## - PUBLICATION, DISTRIBUTION, ETC. (IMPRINT)
Place of publication, distribution, etc Sheffield :
Name of publisher, distributor, etc Sheffield Academic Press,
Date of publication, distribution, etc c1983.
300 ## - PHYSICAL DESCRIPTION
Extent 65 p.
490 1# - SERIES STATEMENT
Series statement Journal for the study of the Old Testament supplement series;
Volume number/sequential designation 1
504 ## - BIBLIOGRAPHY, ETC. NOTE
Bibliography, etc Biblio: pp. 7-8
650 #4 - SUBJECT ADDED ENTRY--TOPICAL TERM
Topical term or geographic name as entry element Bible. O.T. Isaiah 53
General subdivision Criticism, interpretation, etc.
951 ## - EQUIVALENCE OR CROSS-REFERENCE-GEOGRAPHIC NAME/AREA NAME [OBSOLETE] [CAN/MARC only]
General subdivision 00002377
950 0# - LOCAL HOLDINGS (RLIN)
-- .00
951 ## - EQUIVALENCE OR CROSS-REFERENCE-GEOGRAPHIC NAME/AREA NAME [OBSOLETE] [CAN/MARC only]
-- 13305
-- BS1515.2/C61i
-- 070613111228625
-- 2000-12-21
-- GC
Holdings
Withdrawn status Lost status Damaged status Not for loan Home library Current library Shelving location Date acquired Accession number Shelving control number Total Checkouts Full call number Barcode Date last seen Price effective from Koha item type
        BSOP Library BSOP Library GC 12/21/2000 13305 127   BS1515.2/C61i 00002377 02/23/2013 02/23/2013 Books
BSOP

Biblical Seminary of the Philippines
  All rights Reserved
  © 2024

CONTACT INFORMATION

Biblical Seminary of the Philippines,
  77-B Karuhatan Road, Valenzuela City,
  PHILIPPINES 1441
  Phone: +632 8292-6795 / 8292-6798
  Fax : +632 8292-6675
  Email: library@bsop.edu.ph